Fúzia Leo Group a MacManus Group

Vytvorenie novej globálnej spoločnosti v oblasti marketingových služieb zlúčením nadnárodných reklamných organizácií The Leo Group a The MacManus Group. Významnú investíciu do novovzniknutého podniku uskutočnila agentúra Dentsu Inc. so sídlom v Tokiu. Dosah transakcie na slovenský reklamný trh.

Na minha lista:
Detalhes bibliográficos
Formato: Capítulo de Livro
Idioma:eslovaco
Assuntos:
Tags: Adicionar Tag
Sem tags, seja o primeiro a adicionar uma tag!

MARC

LEADER 00000naa a2200000 4500
001 r037313
005 20230929100224.9
041 0 |a slo 
044 |a SK 
245 1 0 |a Fúzia Leo Group a MacManus Group 
520 |a Vytvorenie novej globálnej spoločnosti v oblasti marketingových služieb zlúčením nadnárodných reklamných organizácií The Leo Group a The MacManus Group. Významnú investíciu do novovzniknutého podniku uskutočnila agentúra Dentsu Inc. so sídlom v Tokiu. Dosah transakcie na slovenský reklamný trh. 
610 2 0 |a agentúry 
610 2 0 |a reklama 
610 2 0 |a fúzie 
610 2 0 |a spoločnosti nadnárodné 
610 2 0 |a spoločnosti holdingové 
610 2 0 |a investori 
610 2 0 |a The Leo Group 
610 2 0 |a The MacManus Group